[Event "RUS-Cup03 Geller Memorial"]
[Site "Moscow"]
[Date "1999.02.07"]
[Round "6"]
[White "Vaulin, Alexander"]
[Black "Strukov, Robert"]
[Result "0-1"]
[WhiteElo "2547"]
[BlackElo "2325"]
[Annotator "Ribli,Z"]
[PlyCount "50"]
[EventDate "1999.02.10"]
[EventType "swiss"]
[EventRounds "9"]
[EventCountry "RUS"]
[SourceTitle "CBM 070"]
[Source "ChessBase"]
[SourceDate "1999.06.08"]
[SourceVersion "1"]
[SourceVersionDate "1999.06.08"]
[SourceQuality "1"]

{[%mdl 10240]} 1. g3 e5 2. c4 Nf6 3. Bg2 c6 4. d4 {Weiß muß so spielen, damit
Schwarz keine guten Gegenchancen im Zentrum bekommt, wie etwa nach 4.Nc3 d5 5.
cxd5 cxd5 6.Qb3 Nc6 7.Nxd5 Nd4. Ribli.} exd4 5. Qxd4 d5 6. cxd5 (6. Nf3 dxc4 7.
Qxc4 Be7 8. O-O O-O 9. e4 Na6 10. Nc3 Nc5 11. Rd1 Be6 12. Qe2 Qb6 13. Be3 Qa6
14. Qxa6 Nxa6 15. Nd4 Bd7 {1/2-1/2 Kortschnoj,V-Sokolov,I/Sarajevo 1998/CBM 66
(32)}) 6... cxd5 {Schwarz hat isolierte Bauern, aber die weiße Dame steht
schlecht auf d4. Schwarz gewinnt ein Tempo mit ...Nc6.} 7. Nf3 Nc6 8. Qa4 {
Dieser Damenzug scheint mir aktiver als die genügsame Alternative 8.Qd1.} Be7 (
8... Bc5 9. O-O O-O 10. Bg5 Re8) 9. Nc3 (9. O-O O-O 10. Nc3 Bd7 11. Be3 Rc8 12.
Rad1 Na5 13. Qc2 a6 14. Qb1 Be6 15. Ng5 g6 16. Bd4 Bf5 17. Qa1 Nc6 18. Bxf6
Bxf6 19. Rxd5 {1-0 Chernin,A-Adianto,U/Bastia 1998/CBM 67 ext (25)}) 9... O-O
10. Be3 {Weiß verhindert 10...Qb6 und kontrolliert das Blockadefeld d4, was
ist immer ein Schlüsselmotiv gegen den isolierten Damenbauern ist. Schwarz
bekommt das Läuferpaar.} (10. O-O $5 Qb6 {[%csl Gb6][%cal Gb6g1,Gb6b1]} (10...
d4 11. Rd1 $16 {[%csl Rd4][%cal Rd1d8]}) 11. Rd1 Be6 $11 (11... Bc5 12. e3 Be6
13. Qh4 {[%cal Rc3a4,Ra4c5,Ra4b6]} Be7 $11 {[%cal Ge7h4]})) 10... Ng4 11. Bd4
Nxd4 12. Nxd4 {[%csl Rd5] Weiß steht strategisch ausgezeichnet, aber dank des
Läuferpaares kommt Schwarz zu Gegenchancen.} (12. Qxd4 Be6 13. O-O Qa5 14. Qf4
Rac8 15. Nd4 Rc4 16. Rad1 Bf6 $15 {0-1 Pavlovic,M-Chekhov,V/Moscow 1988/TD (36)
}) 12... Bc5 13. O-O Bd7 14. Qd1 Qf6 $5 (14... Qb6 15. Nxd5 Qh6 16. Nf3 Bb5 17.
Qc2 Rac8 18. Qf5 Qe6 19. Qxe6 fxe6 20. Nc3 Bc6 21. Rac1 Rf6 22. h3 Nh6 23. Ng5
{1-0 Drasko,M-Djukic,Z/Cetinje 1993/TD (33)}) 15. e3 Qh6 16. Nf3 (16. h3 $2
Nxe3 17. fxe3 Qxe3+ $17 {[%cal Re3g1,Re3d4]}) 16... Bc6 $5 $146 {[#]} (16...
Be6 17. Ne2 Rac8 18. Ned4 Bb6 19. Qd2 Rc4 20. h3 (20. b3 Rc5 21. Rac1 Qf6 {
1/2-1/2 Egeli,P-Klovans,J/Gausdal 1995/EXT 98 (21)}) 20... Nf6 21. Nxe6 fxe6
22. Ne5 Re4 23. Nd7 Nxd7 24. Bxe4 Qxh3 25. Bg2 Qh6 26. Qe2 Ne5 27. b3 g5 28.
Rfc1 g4 {0-1 Zueger,B-Lobron,E/Luzern 1982/MCD (35)}) (16... Rad8 17. Re1 Be6
18. Qd3 a6 19. Rad1 b5 20. h3 Nf6 21. g4 {1-0 Kortschnoi-Bacrot/Cannes, SW
1998 (40) +/= Kortschnoj}) 17. h3 $2 (17. Re1 $5 {Mit diesem Zug könnte Weiß
den Punkt e3 verteidigen. Schwarz hat gutes Figurenspiel als Kompensation für
seinen isolierten Damenbauern.}) (17. Nxd5 Rfd8 (17... Rad8 $5) 18. Nh4 $5 (18.
e4 Bb5 {[%cal Rb5f1]}) 18... Qe6 19. e4 (19. Nc7 $4 Rxd1 $19) (19. Qc1 $4 Rxd5
$19) 19... Bb5 {[%cal Rb5f1]} 20. Nf5 h5 21. Qb3 Bxf1 22. Rxf1 $15) {[#]} 17...
Nxf2 $1 {Nach diesem typischen Opfer bekommt Schwarz Turm und zwei Bauern für
zwei Leichtfiguren und behält starke Initiative.} 18. Rxf2 Bxe3 {[%csl Ge3,Rf2,
Rg1][%cal Re3g1]} (18... Qxe3 19. Qc2 Qxf2+ 20. Qxf2 Bxf2+ 21. Kxf2 $14 {
[%csl Yd4][%cal Gf3d4]}) 19. Qf1 d4 {Der früher schwache d-Bauer ist jetzt der
Stolz der schwarzen Stellung.} 20. Nd1 Bxf2+ 21. Nxf2 Rad8 22. Ng4 $6 (22. Nd3
$5 {Dieser Zug scheint mir besser zu sein, denn Weiß muß den d-Bauern
blockieren.} Rfe8 $36) 22... Qd6 {[%cal Rd6g3]} 23. Qf2 (23. Nge5 $2 Bxf3 24.
Nxf3 Qxg3 $19) (23. Nfe5 $2 Bxg2 24. Qxg2 f5 $19) 23... Rfe8 24. Rd1 d3 $17 {
[%csl Gd3] Schwarz hat große Aktivität und sein d-Bauer ist sehr gefährlich.
Es droht 25...Re2 mit sofortigem Gewinn.} 25. Bf1 Bxf3 $19 {Und Weiß gab auf,
denn Schwarz spielt im folgenden ...d3-d2, und Weiß ist hilflos gegen die
vielseitigen Drohungen.} (25... Bxf3 26. Qxf3 d2 {[%csl Gd2]} 27. Nf2 (27. Be2
Qd4+ $19 {[%cal Rd4b2,Rd4g1]}) 27... Re1 28. Kh2 Qd4 29. b3 Rd6 $19) 0-1

[Event "Candidates (Women)"]
[Site "Shanghai"]
[Date "1992.??.??"]
[Round "18"]
[White "Chiburdanidze, Maia"]
[Black "Polgar, Zsuzsa"]
[Result "1/2-1/2"]
[WhiteElo "2505"]
[BlackElo "2540"]
[Annotator "Ribli,Z"]
[PlyCount "47"]
[EventDate "1992.10.??"]
[EventType "tourn"]
[EventRounds "18"]
[EventCountry "CHN"]
[EventCategory "7"]
[SourceTitle "CBM 033"]
[Source "ChessBase"]
[SourceDate "1993.04.01"]
[SourceVersion "1"]
[SourceVersionDate "1993.04.01"]
[SourceQuality "1"]

1. c4 e5 2. g3 Nf6 3. Bg2 d5 4. cxd5 Nxd5 5. Nf3 Nc6 6. O-O Nb6 7. d3 Be7 8.
Nbd2 O-O (8... Bg4 9. a3 a5 10. b3 f5 11. Bb2 Bf6 12. b4 Qe7 (12... Qd6 $5 13.
b5 Ne7) 13. b5 Nd8 14. h3 Bh5 15. a4 c5 16. bxc6 Nxc6 17. e4 $1 $14 {
Mozetic-Dzevlan 54/20}) 9. a3 a5 10. b3 Be6 (10... Re8 11. Bb2 Bf8 12. Rc1 Nd4
$5 13. Nxe5 $5 Rxe5 14. e3 Nxb3 15. Qxb3 a4 16. Qa2 Rb5 17. Rfd1 Bg4 18. Bxb7
Bxd1 19. Rxd1 $44 {Schlosser,P-Romanishin,O Altensteig 1992 CBM/31}) 11. Bb2 f6
12. Qc2 Qe8 (12... Qd7 13. e3 Rfd8 14. d4 $1 exd4 15. Nxd4 Bd5 16. Bxd5+ Qxd5
17. Nxc6 Qxc6 18. Qxc6 bxc6 19. Rfd1 a4 20. b4 c5 21. bxc5 Bxc5 22. Rac1 $14 {
Chernin,A-Smejkal,J Altensteig 1991 CBM/25 52/25}) 13. d4 exd4 14. Nxd4 Nxd4
15. Bxd4 Qd7 16. Bb2 $2 (16. e3 $1 $14) 16... c6 17. Rfd1 Qe8 18. Bd4 Nd7 19.
Bc3 Qf7 20. Rdb1 Nb6 21. Bd4 Nd7 22. Bc3 Nb6 23. Bd4 Nd7 24. Bc3 1/2-1/2

[Event "Katrineholm"]
[Site "Katrineholm"]
[Date "1995.??.??"]
[Round "?"]
[White "Davies, Nigel Rodney"]
[Black "Moberg, Karl Johan"]
[Result "1-0"]
[WhiteElo "2505"]
[BlackElo "2420"]
[Annotator "Ribli,Z"]
[PlyCount "99"]
[EventDate "1995.04.??"]
[EventType "tourn"]
[EventRounds "9"]
[EventCountry "SWE"]
[EventCategory "9"]
[SourceTitle "CBM 049"]
[Source "ChessBase"]
[SourceDate "1995.12.01"]
[SourceVersion "1"]
[SourceVersionDate "1995.12.01"]
[SourceQuality "1"]

1. c4 e5 2. g3 Nf6 3. Bg2 c6 4. d4 Bb4+ (4... exd4 $6 5. Qxd4 d5 6. Nf3 Be7 $6
(6... dxc4 $5) 7. cxd5 cxd5 8. O-O Nc6 9. Qa4 O-O 10. Be3 Ne4 11. Nc3 $14 {
Serper,G-Lutz,C/Dortmund/1993/CBM35/INF57,18/}) 5. Bd2 Bxd2+ 6. Qxd2 e4 (6...
d6 7. Nc3 Qe7 8. e3 O-O 9. Nge2 Na6 10. h3 Re8 11. O-O Be6 12. b3 $14 {
Nogueiras,J-Illescas Cordoba,M/Moscow olm/1994/CBM45/INF63,(13)/}) 7. Nc3 d5 8.
f3 exf3 9. Nxf3 O-O 10. O-O Be6 (10... dxc4 11. e4 $44) 11. Ng5 Nbd7 12. cxd5
cxd5 13. e4 $1 {Ein kraftvoller Zug.} dxe4 (13... Nxe4 14. Ncxe4 dxe4 15. Bxe4
(15. d5 Nf6 $13 (15... Nb6 $5 16. Bxe4 Nxd5 $13)) 15... Nf6 16. Rxf6 $1 Qxf6 (
16... gxf6 17. Nxh7 $44) 17. Nxh7 $16) 14. d5 Nb6 (14... Qb6+ 15. Kh1 e3 16.
Qd3 Bg4 17. Nce4 $44) 15. Rxf6 $1 {Ein schoenes chanchenreiches
Qualitaetsopfer, das dem Anziehenden die Initia- tive sichert.} gxf6 16. Ngxe4
Bxd5 (16... Bf5 17. Rf1 Bxe4 (17... Bg6 18. Nxf6+ Kh8 19. Qd4 $18) 18. Nxe4 f5
$5 (18... Nd7 19. Bh3 $16) 19. Rxf5 $44) 17. Nxd5 Nxd5 18. Qxd5 $1 Qxd5 19.
Nxf6+ Kg7 20. Nxd5 {Im Endergebnis hat Davies Springer und Laeufer gegen Turm,
aber wegen des re- duzierten Material soll Weiss sehr genau spielen.} Rfd8 (
20... Rac8 $5) 21. Rd1 Rac8 22. Rd2 Rc1+ 23. Kf2 Rd6 24. Ke3 Rh6 25. Bf3 Rd6
26. a3 Re1+ 27. Kd4 Rf1 28. Bg2 Re1 29. a4 Ra1 30. b3 Rb1 31. Kc3 Rc6+ 32. Kb4
a5+ 33. Ka3 Rcc1 34. Be4 Rd1 35. Rxd1 Rxd1 36. Nb6 Rd4 37. Bf3 $1 (37. Bxb7 $2
Rb4 38. Nc4 Rxb7 39. Nxa5 $44) 37... Rd2 (37... Rb4 38. Nc4 b6 39. Bc6 $18) 38.
Bxb7 Rxh2 39. b4 axb4+ 40. Kb3 $1 Rh3 41. a5 Rxg3+ 42. Kxb4 Rg1 43. a6 Rb1+ 44.
Ka5 Ra1+ 45. Na4 Re1 46. a7 Re8 47. Nb6 f5 48. Bc8 Re5+ 49. Kb4 Re4+ 50. Nc4 {
Ribli} 1-0

[Event "Hoogovens"]
[Site "Wijk aan Zee"]
[Date "1999.01.16"]
[Round "1"]
[White "Topalov, Veselin"]
[Black "Timman, Jan H"]
[Result "1-0"]
[WhiteElo "2700"]
[BlackElo "2649"]
[Annotator "Ribli,Z"]
[PlyCount "71"]
[EventDate "1999.01.16"]
[EventType "tourn"]
[EventRounds "13"]
[EventCountry "NED"]
[EventCategory "17"]
[SourceTitle "CBM 069"]
[Source "ChessBase"]
[SourceDate "1999.04.01"]
[SourceVersion "1"]
[SourceVersionDate "1999.04.01"]
[SourceQuality "1"]

{[%mdl 8200]} 1. c4 e5 2. g3 Nf6 3. Bg2 d5 4. cxd5 Nxd5 5. Nf3 {Eine schlaue
Zugfolge. Weiß spielt nicht Nc3 oder d3, denn er möchte mit sofortigem d2-d4
das Spiel im Zentrum öffnen. Ribli.} Nc6 {Jetzt haben wir eigentlich die
sizilianische Drachenvariante, aber mit Tempoplus für Weiß.} 6. O-O Be7 7. d4
e4 $5 {Schwarz strebt nach zweischneidigem Spiel, aber der Textzug ist auch
logischer als die Alternative 7...exd4, nach der Weiß freie Hand im Zentrum
und die Diagonale für den Läufer g2 bekommt.} (7... exd4 8. Nxd4 Nxd4 9. Qxd4
Nf6 (9... Nb4 10. Qxg7 $5 {[#]} (10. Qe4 c6 11. Nc3 Be6 12. Be3 O-O 13. Rfd1
Qc7 14. Rac1 Rfd8 15. a3 Rxd1+ 16. Rxd1 Nd5 17. Nxd5 Bxd5 18. Qa4 {1/2-1/2
Ruck,R-Rogic,D/Porec 1998/EXT 99 (33)}) 10... Bf6 11. Qh6 Nc2 12. Nc3 Bxc3 13.
bxc3 Nxa1 14. Qg7 {1-0 Schwarz,M-Stickler,A/BL9192 1992/GER-chT (14)}) 10. Qa4+
$5 (10. Qxd8+ Bxd8 11. Nc3 c6 (11... O-O 12. b4 $14) 12. b4 Bd7 (12... O-O 13.
a4 Be6 14. Bb2 a6 15. b5 Ba5 16. bxc6 bxc6 17. Ne4 Nxe4 18. Bxe4 Bc4 19. Rfc1
Bxe2 20. Rc2 Bg4 21. Rxc6 Rfe8 22. f3 Bc8 23. Bc3 $14 {1-0 Lalic,B-Mohr,G/
Zagreb 1993/CBM 37 ext (37)}) 13. Bb2 Be7 14. a3 O-O 15. Rfd1 Rad8 16. Ne4 Nxe4
17. Bxe4 {1/2-1/2 Martin,A-Pritchett,C/England 1998/CBM 64 ext (17)}) 10... c6
(10... Qd7 11. Qc2 c6 12. e4 $6 (12. Rd1 Qe6 13. e4 $14) 12... O-O 13. Nc3 Rd8
$1 {1/2-1/2 Lobron,E-Hertneck,G/Muenchen 1994/Inf 60/[Hertneck,G] (59)}) 11.
Rd1 Qb6 12. Be3 Bc5 13. Bxc5 Qxc5 14. b4 Qb6 15. Nc3 O-O 16. Qa5 $14 {Lobron,
E-Kharlov,A/Leeuwarden 1997/Inf 71/18}) 8. Ne5 f5 9. Nxc6 bxc6 {[%csl Rc6,Rg2]
Der weiße g2-Läufer ist eingeschlossen, aber Schwarz hat mit seinen
Doppelbauern in der c-Linie auch Schwächen.} 10. Qa4 (10. Nc3 O-O 11. Qa4 (11.
f3 exf3 12. Bxf3 Be6 13. e3 Nxc3 14. bxc3 Bd5 15. Qc2 Bxf3 16. Rxf3 Qd5 17. Rf2
Rae8 18. c4 Qd7 19. Rb1 Bg5 20. Qc3 Re4 21. Rb7 Rfe8 22. Rf3 f4 23. gxf4 Qg4+
24. Rg3 Qd1+ 25. Kg2 Qe2+ 26. Kg1 Qd1+ 27. Kg2 Qe2+ {1/2-1/2 Spraggett,K-Vehi
Bach,V/Ampuriabrava 1997/CBM 62 (27)}) 11... Qd6 12. Nxd5 cxd5 13. Bf4 Qa6 14.
Qc2 c6 15. Rfc1 Bd7 16. e3 Qb6 17. Bf1 a5 18. Rab1 Ra7 19. Qd1 Re8 20. Kg2 Rb7
21. Be2 Bf8 22. g4 fxg4 23. Bxg4 Qd8 24. Rc2 Bd6 25. Bg3 Rf8 26. Rbc1 Bxg3 27.
hxg3 Kh8 28. Bxd7 Qxd7 29. Qd2 Qg4 30. Rxc6 Rbf7 31. R6c2 h5 $40 {0-1 Bauer,
C-Smejkal,J/Germany 1996/GER-chT (44)}) 10... Qd7 $5 {[#]Mit der
Partiefortsetzung verteidigt Schwarz den Bauern c6 und bereitet gleichzeitig
den Befreiungszug ...c6-c5 vor. Das ist der Unterschied zu 10...Qd6.} (10...
Qd6) 11. Rd1 c5 $5 {Schwarz opfert einen Bauern, aber befreit sich dabei von
seinen Bauernschwächen und bekommt aktives Figurenspiel.} 12. Qxd7+ Bxd7 (12...
Kxd7 $2 13. dxc5 Kc6 14. Nd2 $16 {[%csl Rc6]}) 13. dxc5 Be6 {[%csl Rc5]} (13...
Bc6) 14. Nd2 O-O-O {[%csl Rc5] Schwarz hat eine bequeme Stellung. Der weiße
Mehrbauer auf c5 ist kaum zu halten.} (14... Bxc5 15. Nb3 Bb6 $11) 15. a3 e3 $1
{Schwarz ist nicht zufrieden mit der sofortigen Annahme des c5-Bauern. Zuerst
möchte er die gegnerische Bauernstruktur verschlechtern.} (15... Bxc5 $11) 16.
Nf1 (16. Nb3 Nf4 $1 17. Rxd8+ Rxd8 18. gxf4 Rd1+ 19. Bf1 exf2+ 20. Kxf2 Bxb3
$17 {[%csl Ra1,Rc1]}) 16... exf2+ 17. Kxf2 Bxc5+ $15 {[%csl Rf2] Schwarz hat
lebendiges Figurenspiel und der weiße König steht im Zentrum ein wenig
unsicher.} 18. Ke1 Rhe8 {[%cal Ge8e1]} 19. Bg5 (19. b4 Bb6 20. Bb2 g5 $36)
19... Rd6 (19... Be7 $5) (19... Rd7) 20. Rac1 Bb6 21. Bf3 h6 22. Bf4 Rd7 23.
Be5 {[%csl Ge5][%cal Ge5g7]} g5 {Schwarz mobilisiert seine Königsflügelbauern.
Es ist für Weiß schwierig, etwas aktives Gegenspiel zu entfalten.} (23... Bg8
$2 24. Bxg7 Rxg7 25. Bxd5 $16) 24. Bd4 g4 (24... f4) 25. Bh1 Bf7 26. Bxb6 axb6
{Schwarz hat die etwas bessere Bauernstruktur und leichte Initiative, aber im
Lager des Weißen finden sich keine besonderen Schwächen.} 27. Rc6 {[%cal Rc6h6]
} f4 (27... h5) 28. Kf2 (28. Rxh6 $2 f3 {[%csl Re2]}) 28... h5 29. Rd4 fxg3+
30. Nxg3 {[%cal Gg3f5]} (30. hxg3 $5) 30... Re5 31. Rh6 {[%cal Gh6h8,Gh8c8]}
Rd8 32. Ke1 Rd6 33. Rh8+ (33. Rxd6 cxd6 $11) 33... Kd7 34. Rh7 Ke8 35. Ra4 $11
{[%csl Ga4,Gh7][%cal Ga4a8] [#]Beide weißen Türme stehen aktiv und der
strukturelle Vorteil des Schwarzen ist von geringer Bedeutung.} Nf4 $4 {
Ein unglaublicher Fehler in ausgeglichener Stellung!} 36. Rxf4 $18 {Schwarz
muß aufgeben.} 1-0

[Event "Skopje op 18th"]
[Site "Skopje"]
[Date "2002.01.20"]
[Round "6"]
[White "Damljanovic, Branko"]
[Black "Onischuk, Alexander"]
[Result "1-0"]
[WhiteElo "2545"]
[BlackElo "2655"]
[Annotator "Ribli,Z"]
[PlyCount "91"]
[EventDate "2002.01.15"]
[EventType "swiss"]
[EventRounds "9"]
[EventCountry "MKD"]
[SourceTitle "CBM 088"]
[Source "ChessBase"]
[SourceDate "2002.03.21"]
[SourceVersion "1"]
[SourceVersionDate "2002.03.21"]
[SourceQuality "1"]

1. c4 e5 2. g3 Nf6 3. Bg2 c6 4. d4 exd4 (4... Bb4+ 5. Bd2 Bxd2+ 6. Qxd2 d6 {
Diese Stellung erinnert an die Bogoindische Verteidigung (1.d4 Nf6 2.c4 e6 3.
Nf3 Bb4+).}) 5. Qxd4 d5 6. Nf3 (6. cxd5 cxd5 7. Nf3 {Das wäre nur eine
Zugumstellung zur Partiefortsetzung.}) 6... Be7 (6... dxc4) 7. cxd5 cxd5 8. Nc3
{Dieser Zug ist nicht schlecht, aber die sofortige Rochade scheint mir
logischer.} (8. O-O Nc6 9. Qa4 Qb6 {Das ist der Schlüsselzug für Schwarz in
dieser Variante - Schwarz verhindert damit die Entwicklung des Bc1, der den
Pb2 verteidigen muss. Ohne den Zug Qb6 erreicht Weiß durch Be3 leichten
positionellen Vorteil.} (9... O-O 10. Be3 $14) 10. Nc3 O-O 11. Qb5 d4 12. Qxb6
axb6 13. Nb5 Rd8 14. Rd1 Bc5 15. Bg5 (15. Bd2 Ne4 16. Be1 Be6 17. b4 Nxb4 18.
Nfxd4 Nf6 19. a3 Nbd5 20. Nxe6 fxe6 21. e4 {1-0 Markowski,T-Timmermans,I/Bad
Wiessee 1997/CBM 61 ext (68)}) 15... Ra5 16. a4 Bg4 17. h3 Bh5 18. g4 Bg6 19.
Ne1 Rd7 20. Bxf6 gxf6 21. Nd3 Ra8 22. f4 Bxd3 23. exd3 f5 {1/2-1/2 Gulko,
B-Gurevich,I/St Martin 1993/TD (23)}) 8... Nc6 9. Qa4 O-O 10. O-O Be6 (10...
Bd7 11. Be3 Rc8 12. Rad1 Na5 13. Qc2 a6 14. Qb1 Be6 15. Ng5 g6 16. Bd4 Bf5 17.
Qa1 Nc6 18. Bxf6 Bxf6 19. Rxd5 Qe7 20. Nge4 {1-0 Chernin,A-Adianto,U/Bastia
1998/CBM 67 ext (25)}) (10... d4 11. Rd1 Bc5 12. e3 Bd7 13. exd4 Nxd4 14. Rxd4
Bxa4 15. Rxd8 Raxd8 16. Nxa4 Rd1+ 17. Bf1 Bb4 18. a3 b5 19. Kg2 bxa4 20. Be2
Rxc1 21. Rxc1 $14) (10... Qb6 $1 11. Qb5 d4 12. Qxb6 axb6 13. Nb5 Rd8 $11) 11.
Bg5 {Dieser Läuferzug sieht logisch aus, aber 11.Be3 scheint mir noch präziser.
} (11. Rd1) (11. Be3 $5 {[%csl Ge3][%cal Ge3b6]} Qd7 12. Rfd1 h6 13. Rac1 Rfd8
14. Qb5 Rac8 15. Na4 b6 16. Nc3 Qb7 17. Nd4 $14) 11... h6 12. Bxf6 Bxf6 13.
Rad1 {[%cal Gd1d8] Weiß spielt natürlich gegen den Isolani auf d5.} Qe7 $11 {
Der Pd5 ist zwar schwach, dafür verfügt Schwarz jedoch über das Läuferpaar und
aktives Figurenspiel.} (13... Re8) (13... Bxc3 14. bxc3 Qa5 $11) 14. e3 {
Anschließend möchte Weiß 15.Nd4 spielen.} (14. Nxd5 Bxd5 15. Rxd5 Qxe2 16. Rd2
Qe7 17. Re1 Qc5 $11) 14... Bxc3 $5 (14... Rfd8) 15. bxc3 Rfc8 {[%cal Gc8c3]
Nun gibt es Bauernschwächen auf beiden Seiten des Brettes - sowohl der Pd5 als
auch der Pc3 sind schwach.} 16. Rd2 Qc5 {[%csl Rc3][%cal Gc8c3]} 17. Rc1 Na5 $1
{[%csl Yc4][%cal Ga5c4]} 18. Nd4 {[%csl Gd4]} Nc4 $13 19. Nxe6 $6 {Warum
tauscht Weiß seinen starken Springer gegen den Be6? Meines Erachtens sollte
Weiß den Nd4 auf dem Brett halten.} (19. Re2 Rc7 $13) 19... fxe6 $15 {Jetzt
ist der Pd5 nicht mehr schwach, und Weiß hat Probleme bei der Verteidigung des
Pc3.} 20. Rd4 Nb6 21. Qd1 (21. Qc2 $2 e5 $17) 21... Kh8 {Schwarz vermeidet
taktische Motive auf den weißen Feldern - jetzt droht schon 22...e5, denn das
zuvor mögliche Bxd5 käme nun nicht mehr mit Schach.} 22. Bh3 Re8 (22... Rc6 23.
e4) 23. Rh4 (23. e4 e5 $15) 23... Nc4 {[%csl Gc4]} 24. Qh5 (24. Qd4 Qxd4 25.
cxd4 Rac8 $15) 24... Qe7 (24... Rac8) 25. e4 Rad8 (25... Qa3 26. Qg5) 26. Bg2
d4 (26... Qa3 27. Qg5 Nd6 28. exd5 (28. Rxh6+ gxh6 29. Qxh6+ Kg8 $19) 28...
Qxa2 (28... Nf5) 29. c4 $36) 27. e5 $1 $138 {[%cal Gg2e4,Gh5g6,Ge4h7] In
beiderseitiger Zeitnot findet Weiß eine starke Fortsetzung. Nach dem Textzug
droht Be4 nebst Qg6.} (27. cxd4 Rxd4 {[%csl Gc4,Gd4]}) 27... Qa3 28. Qg5 $1 {
Weiß verteidigt den Turm auf c1 und droht 29.Rxh6+.} Nxe5 (28... dxc3 $142 29.
Rxh6+ gxh6 30. Qxh6+ Kg8 31. Qg6+ $11 (31. Be4 $2 Rd7 $19)) 29. cxd4 Rxd4 {[#]}
30. Rxh6+ $1 {[%mdl 64]} gxh6 (30... Kg8 31. Rh8+ $1 Kxh8 32. Qh5+ Kg8 33.
Qxe8+ Kh7 34. Qh5+ $18) 31. Qxe5+ Kg8 32. Rc7 $16 Rd1+ 33. Bf1 Qf8 $2 (33...
Rxf1+ 34. Kxf1 Qd3+ 35. Kg2 Qd5+ 36. Qxd5 exd5 37. Rxb7 $16) 34. Qh5 $1 {
[%csl Gh5][%cal Rh5g6,Rg6g8,Rh5d1]} Rxf1+ (34... Re7 35. Rxe7 Rxf1+ 36. Kxf1
Qxe7 37. Qg6+ Qg7 38. Qxe6+ $16) 35. Kxf1 Re7 36. Qg6+ Kh8 37. Rxe7 Qxe7 38.
Qxh6+ Kg8 {[%mdl 4096]} 39. Qg6+ {Weiß hat einen Mehrbauern, aber das reicht
in Damenendspielen oft nicht aus.} Kh8 40. h4 {[%cal Gh4h5] Droht Vormarsch
des h-Bauern nebst Abtausch der Damen, denn das daraus resultierende
Bauernendspiel wäre für Weiß gewonnen.} Qd7 41. Qh5+ Kg7 42. Qe5+ Kh6 $6 (42...
Kf7) 43. Qe3+ Kg6 44. Qxa7 $18 {Dank des zweiten Mehrbauern steht Weiß auf
Gewinn.} Qc6 (44... Qd1+ 45. Kg2 $18) 45. Kg1 (45. Qe3 Qa6+ 46. Qe2 $18) 45...
b6 46. Qa3 1-0

[Event "HUN-ch"]
[Site "Hungary"]
[Date "1992.??.??"]
[Round "10"]
[White "Kallai, Gabor"]
[Black "Leko, Peter"]
[Result "1/2-1/2"]
[WhiteElo "2455"]
[BlackElo "2460"]
[Annotator "Ribli,Z"]
[PlyCount "70"]
[EventDate "1992.12.??"]
[EventType "tourn"]
[EventRounds "11"]
[EventCountry "HUN"]
[EventCategory "11"]
[SourceTitle "CBM 034"]
[Source "ChessBase"]
[SourceDate "1993.06.01"]
[SourceVersion "1"]
[SourceVersionDate "1993.06.01"]
[SourceQuality "1"]

1. c4 e5 2. g3 c6 3. d4 Bb4+ 4. Bd2 Bxd2+ 5. Qxd2 d6 6. Nc3 Nf6 7. e4 (7. Bg2
$5 O-O 8. e3 Nbd7 9. Nge2 Qe7 10. h3 Re8 (10... h5 $5 11. O-O-O $36) 11. g4 $1
Nb6 12. b3 $14 {Dorfmann,J-Razuvaev,Y Elenite 1992 CBM/32 55/14}) 7... O-O 8.
Bg2 Nbd7 (8... a6 $5 9. Nge2 b5 $13) 9. Nf3 (9. Nge2 a6 10. O-O b5 11. cxb5
axb5 12. dxe5 dxe5 13. a3 $10 {Suba-Garcia_Palermo Szirak 1986 42/16}) 9... a6
$1 10. O-O b5 11. cxb5 axb5 12. b4 Bb7 13. Rfe1 Re8 14. a4 bxa4 15. dxe5 dxe5
16. Nxa4 Qe7 17. Qc3 Ba6 18. Nd2 Bb5 19. Nb2 Nb6 20. Nb3 Na4 21. Nxa4 Rxa4 22.
Rxa4 Bxa4 23. Nc5 Bb5 24. Rd1 Rd8 25. Rd2 h6 26. Bf1 Bxf1 27. Kxf1 Rxd2 28.
Qxd2 Kf8 29. Kg2 Qc7 30. Qc3 Ke7 31. h4 h5 32. Qa3 Ke8 33. Qa8+ Ke7 34. Qa3 Ke8
35. Qa8+ Ke7 1/2-1/2